Hey, diddle, diddle, and other rhymes : (Record no. 7247)

MARC details
000 -LEADER
fixed length control field 01191nam a22002777a 4500
001 - CONTROL NUMBER
control field 7247
003 - CONTROL NUMBER IDENTIFIER
control field FISKH
005 - DATE AND TIME OF LATEST TRANSACTION
control field 20250818150340.0
008 - FIXED-LENGTH DATA ELEMENTS--GENERAL INFORMATION
fixed length control field 250704b cb ||||| |||| 00| 0 eng d
020 ## - INTERNATIONAL STANDARD BOOK NUMBER
International Standard Book Number 807728678463
040 ## - CATALOGING SOURCE
Original cataloging agency FISKH
Language of cataloging eng
Transcribing agency FISKH
Modifying agency FISKH
050 ## - LIBRARY OF CONGRESS CALL NUMBER
Classification number PZ7
082 ## - DEWEY DECIMAL CLASSIFICATION NUMBER
Classification number 398.8
100 ## - MAIN ENTRY--PERSONAL NAME
Personal name Anonymous
245 ## - TITLE STATEMENT
Title Hey, diddle, diddle, and other rhymes :
Remainder of title My nursery rhymes /
250 ## - EDITION STATEMENT
Edition statement This edition published in 2003
260 ## - PUBLICATION, DISTRIBUTION, ETC.
Place of publication, distribution, etc. Bath BA1 1 HE :
Name of publisher, distributor, etc. Parragon Publishing Book,
Date of publication, distribution, etc. 2000
300 ## - PHYSICAL DESCRIPTION
Extent 24 pages :
Other physical details color illustrations ;
Dimensions 21 cm
505 ## - FORMATTED CONTENTS NOTE
Formatted contents note E<br/>
520 ## - SUMMARY, ETC.
Summary, etc. Hey Diddle Diddle is a playful and imaginative nursery rhyme that delights children with its whimsical characters and nonsense events. <br/>It’s a fun, rhythmic verse filled with fantasy and humor, making it a favorite for early childhood reading and singing. The story doesn’t follow logical events—instead, it sparks imagination, encourages language development, and invites young readers to explore rhythm and rhyme.
521 8# - TARGET AUDIENCE NOTE
Target audience note 160<br/>
Source Lexile estimate<br/>
521 8# - TARGET AUDIENCE NOTE
Target audience note E<br/>
Source Raz-Plus<br/>
650 ## - SUBJECT ADDED ENTRY--TOPICAL TERM
Topical term or geographic name entry element Stories in Rhyme
Form subdivision Nursery Rhymes
942 ## - ADDED ENTRY ELEMENTS (KOHA)
Source of classification or shelving scheme Dewey Decimal Classification
Koha item type Books
Suppress in OPAC No
Holdings
Withdrawn status Lost status Source of classification or shelving scheme Damaged status Not for loan Collection Home library Current library Shelving location Date acquired Total Checkouts Full call number Barcode Date last seen Copy number Price effective from Koha item type Date due Date last checked out
    Dewey Decimal Classification     Juvenile Fiction Footprints International School Library Network Toul Kork Campus Footprints International School Library Network Toul Kork Campus TK Primary Library Room(4th Floor), Bookcase 7, Shelves 57-60, Dark Green Books 07/04/2025   ANO 398.8 PZ7 FISBK05394 07/04/2025 1 07/04/2025 Books    
    Dewey Decimal Classification     Juvenile Fiction Footprints International School Library Network Toul Kork Campus Footprints International School Library Network Toul Kork Campus TK Primary Library Room(4th Floor), Bookcase 7, Shelves 57-60, Dark Green Books 07/04/2025 2 ANO 398.8 PZ7 FISBK07025 04/30/2026 2 07/04/2025 Books 05/14/2026 04/30/2026